[Event "30.Schlosspark-Open"]
[Site "Wiesbaden-Biebrich"]
[Date "2018.08.23"]
[Round "1.26"]
[White "Chandler, Patrick"]
[Black "Froehlich-Dill, Astrid"]
[Result "1-0"]
[WhiteElo "2147"]
[BlackElo "1824"]
[PlyCount "204"]
[EventDate "2018.??.??"]
[WhiteTeam "SC Nied"]
[BlackTeam "SV Hofheim"]

1. Nf3 d5 2. b4 Bf5 3. Bb2 Nf6 4. e3 e6 5. a3 c6 6. c4 Bd6 7. d3 Nbd7 8. Nbd2
a5 9. Bc3 axb4 10. axb4 O-O 11. Be2 e5 12. O-O b6 13. Nh4 Be6 14. Qb1 Qe7 15.
Rxa8 Rxa8 16. b5 c5 17. g3 d4 18. Bf3 dxc3 19. Bxa8 cxd2 20. Qc2 h6 21. Qxd2
Nh7 22. f4 exf4 23. exf4 Ndf6 24. Bg2 Qd8 25. Nf3 Bf8 26. Ne5 Qd4+ 27. Kh1 Ng4
28. Nf3 Qd8 29. h3 Ngf6 30. Ne5 g6 31. g4 Qd4 32. Qf2 Qd6 33. Qe3 Nd7 34. Nc6
Ndf6 35. Bf3 Bd7 36. Rd1 h5 37. g5 Ne8 38. Bg2 Ng7 39. Qe5 Nf5 40. Bd5 Be6 41.
Re1 Bxd5+ 42. cxd5 Qd7 43. Kg2 Nh4+ 44. Kg3 Nf5+ 45. Kf2 Nd4 46. Rh1 Nxb5 47.
Kg2 Bd6 48. Qe4 Nc3 49. Qf3 Bf8 50. Rc1 Nxd5 51. Ne5 Qd6 52. d4 Nb4 53. Rd1
cxd4 54. Qe4 Qc7 55. Rxd4 Qc1 56. Qe2 Qc5 57. Rd7 Be7 58. Qc4 Qxc4 59. Nxc4 Kf8
60. Nxb6 Ke8 61. Rb7 Nf8 62. Nc8 Nd5 63. Nxe7 Nxf4+ 64. Kf3 N4e6 65. h4 Nd7 66.
Nd5 Nd4+ 67. Kg2 Nf5 68. Ra7 Ne5 69. Kh3 Kd8 70. Nf6 Nd6 71. Kg3 Nc8 72. Ra5
Nc4 73. Rd5+ N8d6 74. Kf4 Ke7 75. Rd1 Nf5 76. Re1+ Kd6 77. Nxh5 Nxh4 78. Rd1+
Ke6 79. Ng7+ Ke7 80. Kg3 Nf5+ 81. Nxf5+ gxf5 82. Kf4 Nd6 83. Ke5 Nc4+ 84. Kf4
Nd6 85. Re1+ Kd7 86. Ke5 Ke7 87. Ra1 Ne8 88. Kxf5 Ng7+ 89. Ke5 Ne8 90. Ra7+ Kf8
91. Kd5 Kg7 92. Re7 Kf8 93. Re1 Ng7 94. Rf1 Ke7 95. Ke5 Ne8 96. Kf5 Ng7+ 97.
Kg4 Ne8 98. Kh5 Kf8 99. g6 f6 100. Kh6 Kg8 101. Ra1 f5 102. Ra8 Kf8 1-0

[Event "30.Schlosspark-Open"]
[Site "Wiesbaden-Biebrich"]
[Date "2018.08.23"]
[Round "1.27"]
[White "Kiechl, Stefan"]
[Black "Engel, Berthold"]
[Result "0-1"]
[WhiteElo "1817"]
[BlackElo "2146"]
[PlyCount "32"]
[EventDate "2018.??.??"]
[WhiteTeam "SK Kriegshaber"]
[BlackTeam "BG Buchen"]

1. e4 Nc6 2. Nf3 d6 3. Nc3 Bg4 4. Be2 g6 5. h3 Bxf3 6. Bxf3 Bg7 7. d3 Nf6 8.
Be3 O-O 9. Qd2 a6 10. g4 Rb8 11. d4 e5 12. Ne2 exd4 13. Nxd4 Re8 14. Bg5 Nxe4
15. Bxd8 Nxd2+ 16. Kxd2 Nxd4 0-1

[Event "30.Schlosspark-Open"]
[Site "Wiesbaden-Biebrich"]
[Date "2018.08.23"]
[Round "1.28"]
[White "Ernst, Michael"]
[Black "Koerbel, Ekkehard"]
[Result "1-0"]
[WhiteElo "2145"]
[BlackElo "1810"]
[PlyCount "87"]
[EventDate "2018.??.??"]
[WhiteTeam "Poechlarn"]
[BlackTeam "SK Geisenheim"]

1. d4 f5 2. Bf4 Nf6 3. e3 e6 4. Nf3 d5 5. Nbd2 Bd6 6. Ne5 O-O 7. Bd3 Nbd7 8.
Ndf3 Ne4 9. O-O Qe7 10. c4 Nxe5 11. Bxe5 Nf6 12. c5 Bxe5 13. Nxe5 Nd7 14. Nxd7
Bxd7 15. f4 Kh8 16. b4 Qe8 17. a4 c6 18. Qb3 a6 19. Rab1 Qd8 20. Rf2 b5 21.
cxb6 Qxb6 22. Rfb2 Rfc8 23. Qc2 g6 24. Qc5 Qxc5 25. bxc5 Kg8 26. Rb7 Rd8 27. a5
Kf8 28. R1b6 Ke8 29. Kf2 h6 30. Ke1 g5 31. h3 Rdc8 32. g3 gxf4 33. exf4 h5 34.
Be2 h4 35. gxh4 Ke7 36. Kf2 Rg8 37. h5 Rh8 38. Rb1 Kd8 39. Rb8+ Ke7 40. Rxa8
Rxa8 41. Rb6 Be8 42. Rxa6 Rxa6 43. Bxa6 Bxh5 44. Be2 1-0

[Event "30.Schlosspark-Open"]
[Site "Wiesbaden-Biebrich"]
[Date "2018.08.23"]
[Round "1.29"]
[White "Adam, Wilfried"]
[Black "Weber, Samuel"]
[Result "0-1"]
[WhiteElo "1802"]
[BlackElo "2133"]
[PlyCount "54"]
[EventDate "2018.??.??"]
[WhiteTeam "SC Bad Wimpfen"]
[BlackTeam "SV Oberursel"]

1. e4 e5 2. Nf3 Nc6 3. Bb5 a6 4. Ba4 Nf6 5. d4 exd4 6. e5 Ne4 7. O-O Be7 8.
Bxc6 dxc6 9. Qxd4 Qxd4 10. Nxd4 c5 11. Ne2 Bd7 12. f3 Ng5 13. Be3 O-O-O 14. Nd2
Bc6 15. Ng3 Rhe8 16. Rad1 Ne6 17. f4 f6 18. Nf5 Bf8 19. exf6 gxf6 20. Rde1 Nd4
21. Bxd4 cxd4 22. Rxe8 Bxe8 23. Ne4 Bb5 24. Rd1 d3 25. c3 Bc6 26. Nxf6 Bc5+ 27.
Nd4 Rxd4 0-1

[Event "30.Schlosspark-Open"]
[Site "Wiesbaden-Biebrich"]
[Date "2018.08.23"]
[Round "1.30"]
[White "Henrich, David"]
[Black "Weiland, Thomas"]
[Result "1-0"]
[WhiteElo "2134"]
[BlackElo "1804"]
[PlyCount "65"]
[EventDate "2018.??.??"]
[WhiteTeam "Frankfurter TV"]
[BlackTeam "SV Oberursel"]

1. c4 c5 2. Nc3 Nc6 3. g3 g6 4. Bg2 Bg7 5. d3 Nf6 6. e4 e5 7. Nge2 d6 8. h3 Bd7
9. O-O O-O 10. g4 a6 11. f4 Nd4 12. Nxd4 cxd4 13. Ne2 b5 14. cxb5 Bxb5 15. a4
Bd7 16. Ng3 Rc8 17. f5 Ne8 18. g5 f6 19. h4 fxg5 20. hxg5 Qb6 21. Bh3 Rc7 22.
fxg6 Rxf1+ 23. Qxf1 hxg6 24. Bxd7 Rxd7 25. Qh3 Re7 26. Qc8 Qb7 27. Qc4+ Kf8 28.
Bd2 Rf7 29. b4 Nc7 30. b5 axb5 31. axb5 Qxb5 32. Ra8+ Ke7 33. Qxc7+ 1-0

[Event "30.Schlosspark-Open"]
[Site "Wiesbaden-Biebrich"]
[Date "2018.08.23"]
[Round "1.31"]
[White "John, Volkmar"]
[Black "Gundlach, Michael"]
[Result "0-1"]
[WhiteElo "1742"]
[BlackElo "2132"]
[PlyCount "34"]
[EventDate "2018.??.??"]
[WhiteTeam "SC Herborn"]
[BlackTeam "SF Mainz"]

1. e4 d6 2. d4 Nf6 3. Nc3 e5 4. Nf3 Nbd7 5. Bg5 Be7 6. Qd2 O-O 7. O-O-O c6 8.
Kb1 b5 9. Bd3 Qc7 10. dxe5 dxe5 11. Ne2 Nc5 12. Ng3 Rd8 13. Qe2 Be6 14. Nf5
Bxf5 15. exf5 e4 16. Bxf6 Bxf6 17. Bxe4 Re8 0-1

[Event "30.Schlosspark-Open"]
[Site "Wiesbaden-Biebrich"]
[Date "2018.08.23"]
[Round "1.32"]
[White "Flach, Erich"]
[Black "Wunschik, Joachim"]
[Result "1-0"]
[WhiteElo "2127"]
[BlackElo "1793"]
[PlyCount "53"]
[EventDate "2018.??.??"]
[WhiteTeam "SK Langen"]
[BlackTeam "SV Ruesselsheim"]

1. c4 e5 2. g3 Nf6 3. Bg2 c6 4. Nc3 Be7 5. d4 d6 6. e4 O-O 7. Nf3 Bg4 8. Be3
Qc8 9. O-O Nbd7 10. h3 Bh5 11. Kh2 exd4 12. Qxd4 c5 13. Qd2 Ne5 14. Nxe5 dxe5
15. f4 exf4 16. gxf4 Rd8 17. Qf2 Rd3 18. e5 Nd7 19. Nd5 Bf8 20. Be4 Bg6 21. Qg2
Rxe3 22. Nxe3 Bxe4 23. Qxe4 Qc7 24. Rad1 Re8 25. Qg2 Nxe5 26. Nd5 Qa5 27. Nf6+
1-0

[Event "30.Schlosspark-Open"]
[Site "Wiesbaden-Biebrich"]
[Date "2018.08.23"]
[Round "1.33"]
[White "Zeyen, Helmut"]
[Black "Bauer, Claus"]
[Result "0-1"]
[WhiteElo "1785"]
[BlackElo "2121"]
[PlyCount "105"]
[EventDate "2018.??.??"]
[WhiteTeam "Wiesbadener SV"]
[BlackTeam "SF Mainz"]

1. e4 d6 2. d4 Nf6 3. Nc3 e5 4. dxe5 dxe5 5. Qxd8+ Kxd8 6. Bg5 Be6 7. O-O-O+
Nbd7 8. Nd5 Kc8 9. Nxf6 Nxf6 10. f3 Bc5 11. Kb1 c6 12. Ne2 Nd7 13. Nc1 f6 14.
Bd2 Bb6 15. Bd3 Kc7 16. f4 Rae8 17. f5 Bf7 18. g4 g6 19. Rde1 gxf5 20. gxf5
Reg8 21. Be3 Rg4 22. Bxb6+ axb6 23. Rhg1 Rhg8 24. Rxg4 Rxg4 25. Ne2 Kd8 26. Rg1
Rh4 27. Rg2 Ke7 28. b3 Kf8 29. Kc1 b5 30. Kb2 Nc5 31. Ng3 Rf4 32. Kc3 b6 33.
Kd2 Rg4 34. Rf2 Ke7 35. Ke3 b4 36. Rf3 Rg8 37. Rf2 Ra8 38. c4 bxc3 39. Rc2 Kd6
40. Ne2 b5 41. Nxc3 Rg8 42. Rd2 Kc7 43. Rc2 Kb6 44. Rf2 Rg1 45. Kd2 Ka5 46. Kc2
b4 47. Ne2 Ra1 48. Rg2 Rxa2+ 49. Kb1 Bxb3 50. Rg7 Nxd3 51. Ra7+ Kb5 52. Rxa2
Bxa2+ 53. Kxa2 0-1

[Event "30.Schlosspark-Open"]
[Site "Wiesbaden-Biebrich"]
[Date "2018.08.23"]
[Round "1.34"]
[White "Puschendorf, Steffen"]
[Black "Hertle, Philipp"]
[Result "1-0"]
[WhiteElo "2118"]
[BlackElo "1784"]
[PlyCount "69"]
[EventDate "2018.??.??"]
[WhiteTeam "ESV Gera"]
[BlackTeam "SK Radolfzell"]

1. d4 Nf6 2. c4 g6 3. f3 Bg7 4. e4 d6 5. Ne2 O-O 6. Be3 c5 7. d5 Nbd7 8. Nec3
Nb6 9. a4 a5 10. Na3 Nfd7 11. Be2 f5 12. exf5 Rxf5 13. O-O Nf8 14. Nab5 Nbd7
15. Qd2 Ne5 16. f4 Nf7 17. g4 Rf6 18. Ne4 e5 19. Nxf6+ Qxf6 20. fxe5 Qxe5 21.
Bf4 Qe4 22. Bd3 Bd4+ 23. Nxd4 Qxd4+ 24. Rf2 Bxg4 25. Be3 Qg7 26. Raf1 Bf5 27.
Kh1 Bxd3 28. Rxf7 Be4+ 29. Kg1 Qxf7 30. Rxf7 Kxf7 31. Bf4 Ra6 32. Qe3 Bf5 33.
Bg5 Ne6 34. dxe6+ Bxe6 35. Qf3+ 1-0

[Event "30.Schlosspark-Open"]
[Site "Wiesbaden-Biebrich"]
[Date "2018.08.23"]
[Round "1.35"]
[White "Meding, Olaf"]
[Black "Koellner, Christof"]
[Result "1-0"]
[WhiteElo "1779"]
[BlackElo "2111"]
[PlyCount "121"]
[EventDate "2018.??.??"]
[WhiteTeam "SF Mainz"]
[BlackTeam "SV Bergneustadt/Derschlag"]

1. d4 d6 2. c4 e5 3. e3 Be7 4. Nc3 c6 5. h3 Qc7 6. Nf3 f5 7. Be2 Nf6 8. b3 e4
9. Nd2 O-O 10. Bb2 d5 11. f4 exf3 12. Bxf3 Qg3+ 13. Kf1 Ne4 14. Qe1 Bh4 15.
Qxg3 Nxg3+ 16. Kg1 Nxh1 17. Kxh1 dxc4 18. Nxc4 Bg3 19. Ne2 Bc7 20. Kg1 Rd8 21.
Ba3 Be6 22. Rd1 a5 23. Nf4 Bf7 24. Nb2 b5 25. Nbd3 b4 26. Bb2 g5 27. Nh5 Nd7
28. Rc1 Rac8 29. Nc5 Bxh5 30. Bxh5 Nxc5 31. Rxc5 Rd5 32. Rc1 Bb6 33. Bf3 Rd6
34. Rc4 Kf7 35. Kf1 Rc7 36. Ke2 Re6 37. Kd3 Kg6 38. e4 f4 39. Bg4 Re8 40. Bf5+
Kh6 41. e5 Kg7 42. Ke4 h5 43. e6 Kf8 44. h4 gxh4 45. Bc1 Rce7 46. Rxc6 Rc7 47.
Rxc7 Bxc7 48. Bxf4 Bxf4 49. Kxf4 Ke7 50. Ke5 Ra8 51. d5 Ra6 52. Bg6 Rb6 53.
Bxh5 Ra6 54. Be2 Rb6 55. Bc4 Rd6 56. Bb5 Rd8 57. Bd7 Rg8 58. d6+ Kd8 59. Bc6
Rg5+ 60. Kf6 h3 61. e7+ 1-0

[Event "30.Schlosspark-Open"]
[Site "Wiesbaden-Biebrich"]
[Date "2018.08.23"]
[Round "1.36"]
[White "Pioch, Thomas"]
[Black "Meaubert, Thomas"]
[Result "1/2-1/2"]
[WhiteElo "2110"]
[BlackElo "1758"]
[PlyCount "31"]
[EventDate "2018.??.??"]
[WhiteTeam "SF Mainz"]
[BlackTeam "SC Floersheim"]

1. e4 d6 2. d4 Nf6 3. Nc3 Nbd7 4. Nf3 e5 5. Bc4 Be7 6. O-O h6 7. dxe5 Nxe5 8.
Nxe5 dxe5 9. Qe2 c6 10. a4 O-O 11. h3 Bc5 12. Rd1 Qe7 13. a5 Be6 14. Bxe6 Qxe6
15. Na4 Be7 16. Bd2 1/2-1/2

[Event "30.Schlosspark-Open"]
[Site "Wiesbaden-Biebrich"]
[Date "2018.08.23"]
[Round "1.37"]
[White "Cichon, Joerg"]
[Black "Kummer, Wolfram"]
[Result "0-1"]
[WhiteElo "1776"]
[BlackElo "2108"]
[PlyCount "110"]
[EventDate "2018.??.??"]
[WhiteTeam "SF Mainz"]
[BlackTeam "Godesberger SK"]

1. e4 d6 2. Nc3 Nf6 3. Nf3 c6 4. d4 Qa5 5. Bd3 Bg4 6. O-O e5 7. dxe5 dxe5 8.
Bd2 Nbd7 9. h3 Bh5 10. a3 Qc7 11. Qe2 Be7 12. b4 h6 13. Kh1 g5 14. g4 Bg6 15.
Kg2 O-O-O 16. b5 c5 17. Nd5 Nxd5 18. exd5 Qd6 19. c4 h5 20. Bxg5 hxg4 21. hxg4
e4 22. Bxe4 Bxg5 23. Nxg5 Qh2+ 24. Kf3 Bxe4+ 25. Qxe4 Qh6 26. Qf4 Qg7 27. Rh1
Rhg8 28. Ne4 Ne5+ 29. Ke2 Qxg4+ 30. Qxg4+ Rxg4 31. Nxc5 Rxc4 32. Rac1 Rxd5 33.
Rxc4 Nxc4 34. Ne4 Nxa3 35. Rc1+ Kb8 36. b6 axb6 37. Rc3 Nb5 38. Rc1 f5 39. Nf6
Rd6 40. Nh5 Nd4+ 41. Ke3 Ne6 42. Rc4 Rd5 43. Nf4 Re5+ 44. Kd3 Nc5+ 45. Kd4 Re4+
46. Kd5 Re1 47. Ng2 Re2 48. Rf4 Nd3 49. Rxf5 Nxf2 50. Nf4 Rc2 51. Ne6 Nd3 52.
Kd4 Nb4 53. Rb5 Nc6+ 54. Kd3 Rh2 55. Rxb6 Rh6 0-1

[Event "30.Schlosspark-Open"]
[Site "Wiesbaden-Biebrich"]
[Date "2018.08.23"]
[Round "1.38"]
[White "Scheitz, Michael"]
[Black "Brauch, Manfred"]
[Result "1-0"]
[WhiteElo "2092"]
[BlackElo "1769"]
[PlyCount "79"]
[EventDate "2018.??.??"]
[WhiteTeam "Wiesbadener SV"]
[BlackTeam "SG Pieroth"]

1. c4 f5 2. g3 Nf6 3. Bg2 g6 4. Nc3 Bg7 5. e4 d6 6. Nge2 c6 7. O-O O-O 8. d3
Na6 9. h3 e5 10. exf5 gxf5 11. d4 e4 12. Nf4 Qe8 13. Be3 Nc7 14. d5 c5 15. Qe2
Bd7 16. a4 a6 17. a5 Rb8 18. Bd2 Kh8 19. Nd1 b5 20. axb6 Rxb6 21. Bc3 Rb3 22.
Ne3 Qf7 23. Rfb1 Rfb8 24. Nf1 Be8 25. Nd2 R3b7 26. Kh2 Nd7 27. Bxg7+ Qxg7 28.
b3 Ne5 29. Re1 Qh6 30. f3 Bd7 31. fxe4 Re8 32. Qh5 Qg7 33. exf5 Rg8 34. g4 Qf6
35. Ne4 Qf8 36. Rab1 Ne8 37. Qh4 Bc8 38. Nh5 Bxf5 39. Rf1 Nxg4+ 40. hxg4 1-0

[Event "30.Schlosspark-Open"]
[Site "Wiesbaden-Biebrich"]
[Date "2018.08.23"]
[Round "1.39"]
[White "Kumar, Amod"]
[Black "Hoppe, Thilo"]
[Result "1/2-1/2"]
[WhiteElo "1745"]
[BlackElo "2083"]
[PlyCount "112"]
[EventDate "2018.??.??"]
[WhiteTeam "SSV Rotation Berlin"]
[BlackTeam "SC Bonn Beuel"]

1. g3 Nf6 2. c4 g6 3. d4 Bg7 4. Nc3 d6 5. Bg2 O-O 6. Qb3 Nbd7 7. a4 a5 8. e3 e5
9. Nge2 Re8 10. O-O c6 11. Qc2 Qc7 12. Rd1 Nb8 13. d5 c5 14. e4 Qe7 15. Nb5 Na6
16. Bg5 h6 17. Bd2 Nb4 18. Bxb4 axb4 19. Rf1 Rd8 20. f4 Ng4 21. Rf3 exf4 22.
gxf4 h5 23. Raf1 Nh6 24. f5 Be5 25. fxg6 fxg6 26. Qd2 Kh7 27. b3 Bg4 28. R3f2
Rf8 29. Nf4 Rac8 30. Nd3 Bg7 31. Qe3 Bd7 32. Qg3 Bxb5 33. Rxf8 Rxf8 34. Rxf8
Qxf8 35. cxb5 Bd4+ 36. Kh1 Ng4 37. h3 Ne5 38. Nxe5 Bxe5 39. Qf3 Qe8 40. Qf1 b6
41. Qf3 Kg7 42. Qf1 Qd8 43. Qf3 Qg5 44. Bf1 Bd4 45. Bg2 Qc1+ 46. Qf1 Qa3 47.
Qd3 Be5 48. Bf1 Qa2 49. Be2 Qa1+ 50. Kg2 Bd4 51. Bd1 Be5 52. Kf1 Qa2 53. Qc2
Qa1 54. Qd3 Qa3 55. Qc2 Qa1 56. Qd3 Qa2 1/2-1/2

[Event "30.Schlosspark-Open"]
[Site "Wiesbaden-Biebrich"]
[Date "2018.08.23"]
[Round "1.40"]
[White "Matzat, Andre"]
[Black "Sefeloge, Michael"]
[Result "1-0"]
[WhiteElo "2081"]
[BlackElo "1763"]
[PlyCount "35"]
[EventDate "2018.??.??"]
[WhiteTeam "Oberhausener SV"]
[BlackTeam "SV Lahnstein"]

1. d4 d5 2. Bf4 Nf6 3. e3 e6 4. Nd2 Bd6 5. Bg3 O-O 6. Ngf3 Re8 7. Bd3 Nc6 8.
Ne5 a6 9. f4 Nb4 10. Be2 Ne4 11. a3 Nxg3 12. hxg3 f6 13. axb4 fxe5 14. fxe5
Bxb4 15. Bd3 g6 16. Qg4 Bxd2+ 17. Kxd2 Qe7 18. Bxg6 1-0

[Event "30.Schlosspark-Open"]
[Site "Wiesbaden-Biebrich"]
[Date "2018.08.23"]
[Round "1.41"]
[White "Bratmann, Marc"]
[Black "Gries, Volker"]
[Result "0-1"]
[WhiteElo "1758"]
[BlackElo "2071"]
[PlyCount "78"]
[EventDate "2018.??.??"]
[WhiteTeam "TuS Dotzheim"]
[BlackTeam "SV Oberursel"]

1. e4 d6 2. d4 Nf6 3. Nc3 g6 4. Be3 c6 5. h3 Nbd7 6. f4 Bg7 7. Bd3 e5 8. Nf3
Nh5 9. fxe5 dxe5 10. Ne2 exd4 11. Bxd4 Bxd4 12. Nexd4 Ng3 13. Rg1 Nc5 14. Ne2
Ngxe4 15. Bxe4 Qxd1+ 16. Rxd1 Nxe4 17. Rd4 Nc5 18. Nf4 O-O 19. Kf2 Kg7 20. Re1
Ne6 21. Nxe6+ Bxe6 22. Ng5 Rae8 23. Nxe6+ fxe6+ 24. Ke3 Re7 25. Red1 Rff7 26.
Rd8 h5 27. a4 Rf5 28. b3 Rd5 29. Rd2 Rf7 30. Rd6 Kf6 31. R6xd5 cxd5 32. h4 Ke5
33. g3 Rf5 34. Rd1 a5 35. c3 Rf7 36. b4 Rc7 37. Kd3 axb4 38. cxb4 Rc4 39. Rb1
Rg4 0-1

[Event "30.Schlosspark-Open"]
[Site "Wiesbaden-Biebrich"]
[Date "2018.08.23"]
[Round "1.42"]
[White "Held, Carsten"]
[Black "Donecker, Stefan"]
[Result "1-0"]
[WhiteElo "2070"]
[BlackElo "1754"]
[PlyCount "99"]
[EventDate "2018.??.??"]
[WhiteTeam "SC Ladja Rossdorf"]
[BlackTeam "TuS Dotzheim"]

1. Nf3 Nf6 2. c4 e6 3. g3 d5 4. Bg2 Be7 5. O-O O-O 6. b3 c6 7. Bb2 b6 8. d4 Bb7
9. Qd3 Ne4 10. Nfd2 f5 11. f3 Nxd2 12. Nxd2 c5 13. e3 Nc6 14. Rad1 Bf6 15. Ba3
Nb4 16. Bxb4 cxb4 17. f4 g6 18. Rc1 Rc8 19. Rc2 Rf7 20. Rfc1 Rfc7 21. Qe2 a5
22. Bf3 b5 23. Qg2 Qd7 24. c5 Bc6 25. g4 Rd8 26. Be2 Qe8 27. Bd3 Bg7 28. Rf1
Rf7 29. Rf3 Rdd7 30. Rh3 Ra7 31. Nf3 Bf6 32. Kh1 Rg7 33. Rh6 Bd8 34. Qh3 Rab7
35. Rg2 Bc7 36. Ng5 Bd8 37. gxf5 Bxg5 38. Rxg5 exf5 39. Bxf5 Bd7 40. Bxd7 Qxd7
41. Qf3 Re7 42. Rxd5 Qe8 43. Rh3 a4 44. f5 axb3 45. axb3 Ra7 46. Rg3 Ra1+ 47.
Kg2 Ra2+ 48. Kh3 Re4 49. fxg6 Qc8+ 50. Qf5 1-0

[Event "30.Schlosspark-Open"]
[Site "Wiesbaden-Biebrich"]
[Date "2018.08.23"]
[Round "1.43"]
[White "Tojcic, Josip"]
[Black "Marzahn, Heiko"]
[Result "1/2-1/2"]
[WhiteElo "1750"]
[BlackElo "2068"]
[PlyCount "189"]
[EventDate "2018.??.??"]
[WhiteTeam "Niederraeder TG"]
[BlackTeam "Sfr. Erbach"]

1. d4 f5 2. Nf3 Nf6 3. Bf4 e6 4. e3 Be7 5. Nbd2 O-O 6. Bd3 b6 7. h3 Bb7 8. c3
Ne4 9. Qc2 Nxd2 10. Qxd2 Bf6 11. O-O d6 12. Bh2 Nd7 13. Qe2 g5 14. e4 f4 15.
Bc4 Qe8 16. Ne1 Kh8 17. f3 e5 18. Rd1 Qe7 19. Kh1 Rae8 20. Bg1 Qg7 21. dxe5
Nxe5 22. Bd4 h5 23. Bxe5 Bxe5 24. Nd3 Re7 25. Nxe5 Qxe5 26. Qf2 Qg7 27. Qd4 Re5
28. Be2 Bc8 29. Kg1 g4 30. hxg4 hxg4 31. Kf2 gxf3 32. Rh1+ Kg8 33. Bc4+ Rf7 34.
Rdg1 Qg3+ 35. Kf1 Bg4 36. Bxf7+ Kxf7 37. Qf2 Rxe4 38. Qxg3 fxg3 39. gxf3 Bxf3
40. Rh7+ Kg6 41. Rxc7 g2+ 42. Kf2 Rf4 43. Rxa7 Bd5+ 44. Kg3 Rf1 45. Kh2 Kf5 46.
Ra4 Be4 47. Rb4 Rf4 48. Rb5+ d5 49. Rxb6 Kg5 50. Rxg2+ Bxg2 51. Kxg2 Kf5 52. b3
Ke5 53. Rb4 Rf8 54. a4 Kd6 55. Rd4 Kc5 56. b4+ Kc6 57. Rd3 Ra8 58. a5 Rf8 59.
Rf3 Rd8 60. Kf2 d4 61. Rd3 Rf8+ 62. Ke2 dxc3 63. Rxc3+ Kb5 64. Rb3 Rd8 65. Rb1
Rd7 66. Ke3 Rd8 67. Ke4 Re8+ 68. Kd5 Rd8+ 69. Ke6 Ka6 70. Ke7 Rd5 71. Rh1 Kb5
72. Rh4 Rd1 73. Ke6 Rd8 74. Ke5 Rd7 75. Rd4 Re7+ 76. Kd6 Ra7 77. Re4 Ra6+ 78.
Kc7 Rh6 79. Rd4 Rh7+ 80. Rd7 Rh4 81. Kb7 Rxb4 82. a6 Kc5+ 83. Ka8 Kc6 84. Rb7
Rh4 85. a7 Rh8+ 86. Rb8 Rh7 87. Rg8 Kc7 88. Rf8 Rg7 89. Rb8 Rg6 90. Rb7+ Kc8
91. Rb1 Rc6 92. Rh1 Kc7 93. Rh7+ Kc8 94. Rb7 Rc1 95. Rb6 1/2-1/2

[Event "30.Schlosspark-Open"]
[Site "Wiesbaden-Biebrich"]
[Date "2018.08.23"]
[Round "1.44"]
[White "Gitsis, Christos"]
[Black "Ziegler, Joerg"]
[Result "1-0"]
[WhiteElo "2013"]
[BlackElo "1744"]
[PlyCount "57"]
[EventDate "2018.??.??"]
[WhiteTeam "SF Mainz"]
[BlackTeam "BKA Wiesbaden"]

1. d4 f5 2. g4 d6 3. gxf5 Bxf5 4. Bg2 c6 5. e4 Bg6 6. Nc3 Nf6 7. Be3 Nbd7 8.
Qe2 Qa5 9. Bd2 Qc7 10. O-O-O O-O-O 11. Nh3 Bh5 12. f3 h6 13. Be3 Kb8 14. e5 Nd5
15. Nxd5 cxd5 16. Nf4 Be8 17. Ne6 Qa5 18. Nxd8 Qxd8 19. f4 e6 20. f5 dxe5 21.
dxe5 Nb6 22. fxe6 Be7 23. Rhf1 Bc6 24. Rf7 Nc4 25. Qxc4 dxc4 26. Rxd8+ Bxd8 27.
Bxc6 bxc6 28. e7 Bxe7 29. Rxe7 1-0

[Event "30.Schlosspark-Open"]
[Site "Wiesbaden-Biebrich"]
[Date "2018.08.23"]
[Round "1.45"]
[White "Senatov, Boris"]
[Black "Bischoff, Ulrich"]
[Result "0-1"]
[WhiteElo "1733"]
[BlackElo "2057"]
[PlyCount "62"]
[EventDate "2018.??.??"]
[WhiteTeam "SC Heusenstamm"]
[BlackTeam "Sfr. Erbach"]

1. e4 Nf6 2. e5 Nd5 3. c4 Nb6 4. d4 d6 5. exd6 cxd6 6. Nc3 g6 7. Bd3 Bg7 8.
Nge2 O-O 9. Be3 Nc6 10. Rc1 Nb4 11. b3 Nxd3+ 12. Qxd3 a5 13. d5 Bd7 14. O-O a4
15. Nd4 axb3 16. axb3 Ra3 17. Qc2 Ra6 18. f4 Na8 19. h3 Nc7 20. Ne4 Qa8 21. Nc3
Rc8 22. g4 b5 23. f5 bxc4 24. bxc4 Ra3 25. fxg6 hxg6 26. Rce1 Qa5 27. Rc1 Rxc3
28. Qxc3 Qxc3 29. Rxc3 Nxd5 30. Rd3 Nxe3 31. Re1 Bxd4 0-1

[Event "30.Schlosspark-Open"]
[Site "Wiesbaden-Biebrich"]
[Date "2018.08.23"]
[Round "1.46"]
[White "Frey, Thomas"]
[Black "Krischak, Werner"]
[Result "0-1"]
[WhiteElo "2051"]
[BlackElo "1730"]
[PlyCount "72"]
[EventDate "2018.??.??"]
[WhiteTeam "SV Reutlingen"]
[BlackTeam "SK Marburg"]

1. d4 d5 2. c4 c6 3. cxd5 cxd5 4. Nc3 Nf6 5. Bf4 Nc6 6. e3 e6 7. Nf3 Bb4 8. Nd2
O-O 9. Rc1 Qe7 10. Bg5 h6 11. Bh4 g5 12. Bg3 e5 13. dxe5 Nxe5 14. Qb3 d4 15.
Bxe5 Bxc3 16. Rxc3 dxc3 17. Qxc3 Nd5 18. Qd4 Be6 19. Bc4 Rad8 20. Qxa7 Nb4 21.
Bxe6 Qxe6 22. Bc3 Nd3+ 23. Kf1 Qd5 24. h4 g4 25. h5 Nxb2 26. Kg1 Nd3 27. Qb6
Rd6 28. Qd4 Qxd4 29. Bxd4 Ra8 30. Ne4 Re6 31. Nf6+ Rxf6 32. Bxf6 Rxa2 33. Bd4
Nxf2 34. Rh4 f5 35. Kf1 Ne4 36. Rh2 b5 0-1

[Event "30.Schlosspark-Open"]
[Site "Wiesbaden-Biebrich"]
[Date "2018.08.23"]
[Round "1.47"]
[White "Schwenk, Stefan"]
[Black "Seickel, Ralf"]
[Result "1/2-1/2"]
[WhiteElo "1729"]
[BlackElo "2050"]
[PlyCount "59"]
[EventDate "2018.??.??"]
[WhiteTeam "SK Geisenheim"]
[BlackTeam "vereinslos"]

1. c4 e6 2. g3 d5 3. Bg2 d4 4. d3 Nc6 5. a3 a5 6. e3 e5 7. Ne2 Nf6 8. O-O Be7
9. Re1 O-O 10. exd4 Nxd4 11. Be3 Bg4 12. Bxd4 exd4 13. h3 Bc8 14. Nd2 Re8 15.
Nf4 c6 16. Ne4 Bf5 17. Nxf6+ Bxf6 18. Qf3 Qd7 19. Kh2 Be5 20. Ne2 a4 21. Ng1 g6
22. Qd1 h5 23. Nf3 Bf6 24. Qd2 Kg7 25. Rad1 Rh8 26. h4 Bg4 27. Re4 Bf5 28. Re2
Bg4 29. Re4 Bf5 30. Re2 1/2-1/2

[Event "30.Schlosspark-Open"]
[Site "Wiesbaden-Biebrich"]
[Date "2018.08.23"]
[Round "1.48"]
[White "Menning, Uwe"]
[Black "Niedenthal, Robert"]
[Result "1-0"]
[WhiteElo "2047"]
[BlackElo "1722"]
[PlyCount "119"]
[EventDate "2018.??.??"]
[WhiteTeam "FC Bierstadt"]
[BlackTeam "SV Hofheim"]

1. d4 Nf6 2. Nf3 b5 3. Bg5 Bb7 4. Bxf6 exf6 5. e3 a6 6. g3 c5 7. dxc5 Bxc5 8.
Bg2 Bb4+ 9. c3 Ba5 10. O-O O-O 11. Nd4 Bxg2 12. Kxg2 Qc7 13. Qf3 Nc6 14. Rd1
Ne5 15. Qd5 Rad8 16. Nd2 Bb6 17. Nf5 Rfe8 18. Nd6 Re6 19. N2e4 Qc6 20. Nb7 Qxd5
21. Rxd5 Rb8 22. Nbc5 Bxc5 23. Nxc5 Rbb6 24. Nxd7 Nxd7 25. Rxd7 g6 26. Rad1 Kg7
27. Kf3 f5 28. Rc7 g5 29. Rd5 Kg6 30. Rcc5 g4+ 31. Kg2 Rf6 32. Rd4 h5 33. Rcd5
Rbe6 34. Rd8 Kg7 35. Kf1 Rb6 36. Rc8 Rfd6 37. Rc5 Kg6 38. Ke2 Rf6 39. Re5 Rfe6
40. Rxe6+ fxe6 41. Kd3 Kf6 42. Kc2 a5 43. b3 Rc6 44. Rd8 b4 45. c4 Rc5 46. Kd3
Re5 47. Rh8 Kg6 48. Rb8 Kf7 49. Rb5 Kf6 50. Kd4 Re4+ 51. Kd3 Re5 52. Rxe5 Kxe5
53. Kd2 Ke4 54. Ke2 e5 55. Ke1 f4 56. exf4 exf4 57. gxf4 Kxf4 58. Kf1 Ke4 59.
Kg2 h4 60. h3 1-0

[Event "30.Schlosspark-Open"]
[Site "Wiesbaden-Biebrich"]
[Date "2018.08.23"]
[Round "1.49"]
[White "Baumgarten, Fred"]
[Black "Belz, Frank-Martin"]
[Result "0-1"]
[WhiteElo "1721"]
[BlackElo "2041"]
[PlyCount "118"]
[EventDate "2018.??.??"]
[WhiteTeam "SV Hennef"]
[BlackTeam "SK Freising"]

1. d4 d5 2. c4 c6 3. Nc3 dxc4 4. e4 b5 5. a4 b4 6. Na2 Nf6 7. e5 Nd5 8. Bxc4 e6
9. Nf3 a5 10. O-O Ba6 11. Qc2 Bxc4 12. Qxc4 Be7 13. Bd2 O-O 14. Nc1 Qb6 15. Bg5
Nd7 16. Nb3 Rfd8 17. Rac1 Rac8 18. Bxe7 Nxe7 19. Nc5 Nxc5 20. Qxc5 Qc7 21. Rfd1
Rd5 22. Qc4 Rcd8 23. g4 Qa7 24. Rd2 c5 25. Rcd1 cxd4 26. Rxd4 h6 27. Rxd5 Rxd5
28. Rxd5 Nxd5 29. g5 hxg5 30. Nxg5 Qc7 31. Qxc7 Nxc7 32. Nf3 Na6 33. Nd4 Nc5
34. b3 Kh7 35. Kg2 Kg6 36. Kf3 Kh5 37. Ke2 Kg4 38. Ke3 Kh3 39. Nf3 Nxb3 40.
Ng5+ Kxh2 41. Nxf7 Nc5 42. Ng5 Kg2 43. f4 g6 44. Nf3 Nxa4 45. Nh4+ Kg3 46. Nxg6
Kg4 47. Ne7 b3 48. Kd3 Kxf4 49. Nc6 Nc5+ 50. Kc3 a4 51. Kb2 Ke4 52. Na7 Kxe5
53. Nb5 Kd5 54. Nc3+ Kc4 55. Ne2 e5 56. Ka3 Kd3 57. Nc3 e4 58. Kb2 e3 59. Nd5
Kd2 0-1